| 000 | 00713nam a2200181 i 4500 | ||
|---|---|---|---|
| 001 | 165115 | ||
| 003 | ES-MaACL | ||
| 005 | 20250723061852.0 | ||
| 008 | 050818s1884 it | |||||||| ||ita d | ||
| 040 |
_aCAM _bspa _cCAM |
||
| 100 | 1 |
_aSegi, Giuseppe. _9132624 |
|
| 245 | 1 | 3 |
_aLa teoria generale dei patti e dei contratti in diritto romano, confrontata col codice civile d'Italia _b: natura dei patti e dei contratti / _cper Giuseppe Sergi. |
| 260 |
_aMessina : _bCarmelo Stefano, _c1884 ( _fTipografia dell'Avvenire) |
||
| 300 |
_aXI, 362 p. ; _c23 cm. |
||
| 650 | 7 |
_aDerecho romano _2embne _911764 |
|
| 852 |
_aES-MaACL _jF-1442 _z-- Enc. hol. conservando la cub. original |
||
| 999 |
_c165115 _d165115 |
||